[Event "IECG FI.2000.0.00005 Jim Krepp mem III"]
[Site "IECG email"]
[Date "2000.04.01"]
[Round "?"]
[White "Plinke, Robert Wayne"]
[Black "Pijl, Richard"]
[Result "0-1"]
[WhiteElo "1762"]
[BlackElo "1966"]
[PlyCount "104"]
[EventDate "2000.04.01"]
[EventType "tourn (corr)"]
[EventRounds "14"]
[SourceTitle "Corr 2008"]
[Source "ChessBase"]
[SourceDate "2008.06.24"]
[SourceVersion "1"]
[SourceVersionDate "2008.06.24"]
[SourceQuality "1"]

1. d4 Nf6 2. Nf3 g6 3. Bg5 Bg7 4. Nbd2 0-0 5. e3 d5 6. Bd3 Nbd7 7. 0-0 Re8 8. e4 dxe4 9. Nxe4 Nxe4 10. Bxe4 c5 11. dxc5 Qc7 12. c6 bxc6 13. Nd4 Bb7 14. c3 h6 15. Bh4 Rad8 16. Qf3 Qb6 17. Bg3 e5 18. Nxc6 Nf6 19. Nxd8 Bxe4 20. Qe3 Qxe3 21. fxe3 Rxd8 22. Rad1 Re8 23. Rd6 Ng4 24. Rd7 f5 25. Bf2 Bf8 26. h3 Nxf2 27. Kxf2 Rb8 28. b3 Rc8 29. Rc1 Ba3 30. Re1 Rxc3 31. Rxa7 Bc5 32. Ra5 f4 33. Rxc5 Rxc5 34. exf4 Rc2+ 35. Re2 Rxe2+ 36. Kxe2 Bxg2 37. fxe5 Bxh3 38. b4 Bd7 39. e6 Bb5+ 40. Kf3 Kf8 41. Ke4 Ke7 42. Ke5 h5 43. Kf4 Kxe6 44. Ke4 h4 45. Kf3 Kf5 46. Kg2 g5 47. Kh2 g4 48. Kg2 Kf4 49. Kf2 h3 50. a4 Bxa4 51. b5 Bxb5 52. Kg1 g3 0-1

[Event "IECG WC.2003.P.00006 email"]
[Site "IECG email"]
[Date "2000.??.??"]
[Round "?"]
[White "Mueller, Gabriele"]
[Black "Plinke, Robert Wayne"]
[Result "1-0"]
[WhiteElo "800"]
[BlackElo "1762"]
[PlyCount "91"]
[EventDate "2000.01.26"]
[EventType "tourn (corr)"]
[EventRounds "10"]
[SourceTitle "Corr 2008"]
[Source "ChessBase"]
[SourceDate "2008.06.24"]
[SourceVersion "1"]
[SourceVersionDate "2008.06.24"]
[SourceQuality "1"]

1. b3 d6 2. e4 Nf6 3. Nc3 g6 4. d4 Bg7 5. Bd2 c6 6. Nf3 d5 7. e5 Ne4 8. Bd3 Nxd2 9. Qxd2 Bg4 10. Ng5 Qc8 11. h3 Bf5 12. Qf4 h6 13. Nf3 Bxd3 14. cxd3 Na6 15. Rc1 Nb4 16. Kd2 Qc7 17. a3 Na6 18. Rhe1 Qa5 19. a4 Qb4 20. Qe3 h5 21. g4 hxg4 22. hxg4 c5 23. Ke2 Rd8 24. Nb5 Qxb3 25. dxc5 Qa2+ 26. Kf1 Qxa4 27. Nbd4 Rh1+ 28. Ng1 Bh6 29. f4 Rh4 30. Ra1 Qb4 31. Reb1 Qxc5 32. Rxb7 Rxg4 33. Nge2 Qc8 34. Rxa7 Nc5 35. Qh3 Bg7 36. Ra8 Rxf4+ 37. Nxf4 Qxh3+ 38. Nxh3 Nxd3 39. e6 Bxd4 40. Rxd8+ Kxd8 41. exf7 Bg7 42. Rd1 e6 43. Rxd3 Ke7 44. Rf3 e5 45. Ke2 Bh6 46. Ng5 1-0

[Event "IECG WC.2003.P.00006 email"]
[Site "IECG email"]
[Date "2000.??.??"]
[Round "?"]
[White "Plinke, Robert Wayne"]
[Black "D'Alfonsi, Michael"]
[Result "1-0"]
[WhiteElo "1762"]
[BlackElo "1140"]
[PlyCount "31"]
[EventDate "2000.01.26"]
[EventType "tourn (corr)"]
[EventRounds "10"]
[SourceTitle "Corr 2008"]
[Source "ChessBase"]
[SourceDate "2008.06.24"]
[SourceVersion "1"]
[SourceVersionDate "2008.06.24"]
[SourceQuality "1"]

1. d4 d5 2. Nf3 Nf6 3. e3 c5 4. b3 cxd4 5. exd4 Nc6 6. Bg5 Bg4 7. Bxf6 exf6 8. Be2 Bb4+ 9. c3 Bd6 10. 0-0 0-0 11. c4 Bxf3 12. Bxf3 Qc7 13. Nc3 Bxh2+ 14. Kh1 dxc4 15. Nd5 Qf4 16. Nxf4 1-0

[Event "IECG WC.2003.P.00006 email"]
[Site "IECG email"]
[Date "2000.??.??"]
[Round "?"]
[White "Plinke, Robert Wayne"]
[Black "Leoni, Rodolfo"]
[Result "1-0"]
[WhiteElo "1762"]
[BlackElo "1867"]
[PlyCount "55"]
[EventDate "2000.01.26"]
[EventType "tourn (corr)"]
[EventRounds "10"]
[SourceTitle "Corr 2008"]
[Source "ChessBase"]
[SourceDate "2008.06.24"]
[SourceVersion "1"]
[SourceVersionDate "2008.06.24"]
[SourceQuality "1"]

1. d4 Nf6 2. Nf3 g6 3. Bg5 Bg7 4. Nbd2 d5 5. Bxf6 Bxf6 6. e4 dxe4 7. Nxe4 Bg7 8. Bc4 0-0 9. 0-0 Bg4 10. c3 Nd7 11. h3 Bxf3 12. Qxf3 e5 13. dxe5 Nxe5 14. Qe2 Nxc4 15. Qxc4 Qh4 16. Rfe1 Rfe8 17. Rad1 Re7 18. Kf1 Rae8 19. Nd6 Qxc4+ 20. Nxc4 Rxe1+ 21. Rxe1 Rxe1+ 22. Kxe1 b6 23. g4 Kf8 24. f4 Ke7 25. Ne3 Kd6 26. Ke2 f5 27. gxf5 gxf5 28. Nxf5+ 1-0

[Event "IECG WC.2003.P.00006 email"]
[Site "IECG email"]
[Date "2000.??.??"]
[Round "?"]
[White "Plinke, Robert Wayne"]
[Black "Richkov, Sergei"]
[Result "0-1"]
[WhiteElo "1762"]
[BlackElo "1085"]
[PlyCount "104"]
[EventDate "2000.01.26"]
[EventType "tourn (corr)"]
[EventRounds "10"]
[SourceTitle "Corr 2008"]
[Source "ChessBase"]
[SourceDate "2008.06.24"]
[SourceVersion "1"]
[SourceVersionDate "2008.06.24"]
[SourceQuality "1"]

1. d4 Nf6 2. Nf3 g6 3. Bg5 Bg7 4. e3 0-0 5. Be2 d6 6. c4 b6 7. Nc3 c5 8. 0-0 Na6 9. d5 h6 10. Bh4 g5 11. Bg3 Nh5 12. Qd3 Nxg3 13. fxg3 e5 14. dxe6 Bxe6 15. a3 Qe7 16. Bd1 Nc7 17. Ba4 Rad8 18. Bc6 d5 19. Nxd5 Bxd5 20. cxd5 Bxb2 21. Rae1 c4 22. Qxc4 Bxa3 23. Nd4 Qc5 24. Qb3 Qb4 25. Qxb4 Bxb4 26. Ra1 a5 27. Rf5 Ne8 28. Bxe8 Rdxe8 29. Kf2 Bc5 30. Kf3 Re7 31. Nc2 Kg7 32. e4 Rfe8 33. Re1 f6 34. h3 a4 35. g4 a3 36. g3 a2 37. Na1 Bd4 38. Nb3 Be5 39. Na1 b5 40. Rd1 b4 41. Nb3 Ra8 42. Kg2 a1Q 43. Nxa1 Rxa1 44. Rxa1 Bxa1 45. Rf1 Bc3 46. Kf3 Rb7 47. Rb1 b3 48. Ke3 Be5 49. Kd3 Bxg3 50. Kc4 b2 51. Kc5 Be5 52. Kc6 Rc7+ 0-1

[Event "IECG WC.2003.P.00006 email"]
[Site "IECG email"]
[Date "2000.??.??"]
[Round "?"]
[White "Rusak, Alexandr Victorovic"]
[Black "Plinke, Robert Wayne"]
[Result "1-0"]
[WhiteElo "2075"]
[BlackElo "1762"]
[PlyCount "49"]
[EventDate "2000.01.26"]
[EventType "tourn (corr)"]
[EventRounds "10"]
[SourceTitle "Corr 2008"]
[Source "ChessBase"]
[SourceDate "2008.06.24"]
[SourceVersion "1"]
[SourceVersionDate "2008.06.24"]
[SourceQuality "1"]

1. e4 d6 2. d4 Nf6 3. Nc3 c6 4. f4 Qa5 5. Bd3 e5 6. Nf3 Bg4 7. Be3 Nbd7 8. 0-0 Be7 9. h3 Bh5 10. Qe1 Bxf3 11. Rxf3 0-0 12. a3 Nh5 13. b4 Qc7 14. fxe5 dxe5 15. d5 a5 16. b5 Nf4 17. bxc6 bxc6 18. dxc6 Nxd3 19. cxd3 Qxc6 20. Nd5 Bd6 21. Qg3 Kh8 22. Rf5 Rab8 23. Raf1 f6 24. Rh5 Bxa3 25. Qg6 1-0

[Event "IECC CL3-2000.07"]
[Site "IECC email"]
[Date "1999.12.12"]
[Round "?"]
[White "Plinke, Robert Wayne"]
[Black "Barks, James Leonard"]
[Result "1/2-1/2"]
[WhiteElo "1853"]
[BlackElo "1836"]
[PlyCount "57"]
[EventDate "2000.??.??"]
[EventType "tourn (corr)"]
[EventRounds "4"]
[SourceTitle "Corr 2008"]
[Source "ChessBase"]
[SourceDate "2008.06.24"]
[SourceVersion "1"]
[SourceVersionDate "2008.06.24"]
[SourceQuality "1"]

1. d4 d5 2. Nf3 e6 3. e3 Nf6 4. Bd3 c5 5. b3 Bd6 6. Bb2 Nc6 7. 0-0 cxd4 8. exd4 0-0 9. a3 b6 10. Nbd2 Bb7 11. Re1 Nh5 12. Ne5 Nf4 13. Qg4 Nxd3 14. Nxd3 Rc8 15. c4 Qf6 16. Re3 Ne7 17. Rc1 Qg6 18. Qxg6 Nxg6 19. c5 bxc5 20. dxc5 Bf4 21. Nxf4 Nxf4 22. Nf3 f6 23. g3 Nh3+ 24. Kf1 e5 25. Ree1 Rfd8 26. b4 d4 27. Nd2 Bc6 28. f3 Rb8 29. Ne4 1/2-1/2